Add an 'H' Quiz Stats

 Plays Quiz Updated Nov 22, 2018

Support Sporcle.
Go Orange.
Score 0/20 Timer 05:00
2 Plays Today
Before Hint Word % Correct
The red planetMars -> Marsh
90.1%
Italy's outlineBoot -> Booth
88.6%
Get one speeding or parkingTicket -> Thicket
86.4%
Cereal grainOat -> Oath
85.4%
To peddle or auction offSell -> Shell
85.2%
To clear a tableBus -> Bush
83.7%
GarbageTrash -> Thrash
83.1%
To chow downEat -> Heat
81.6%
AchySore -> Shore
80.7%
UnchangedSame -> Shame
76.8%
Before Hint Word % Correct
An aquarium or armored carTank -> Thank
75.5%
Tin Woodman's questHeart -> Hearth
72.1%
Shopper's lureSale -> Shale
70.2%
Trick's alternativeTreat -> Threat
65.5%
2003 Hilary Swank movieCore -> Chore
58.6%
You can’t make a silk purse out of its earSow -> Show
57.6%
SharpnessEdge -> Hedge
49.7%
Pewter componentTin -> Thin
49.2%
Sort throughSift -> Shift
42.4%
Rick's place in CasablancaCafe -> Chafe
16.7%

From the Vault

NBA MVP Voting (2011-12)

by dabbas

Sports 4m
We hope there was at least one vote for Spudd Webb. Is he still playing?
Remove Ads.
Support Sporcle.
Get the best of Sporcle when you Go Orange. This ad-free experience offers more features, more stats, and more fun while also helping to support Sporcle. Thank you for becoming a member.

Show Comments

Extras

Top Quizzes Today


Score Distribution

Your Account Isn't Verified!

In order to create a playlist on Sporcle, you need to verify the email address you used during registration. Go to your Sporcle Settings to finish the process.

Report this User

Report this user for behavior that violates our Community Guidelines.

Details: